| LEADER | 00884nam a2200181 4500 | ||
|---|---|---|---|
| 082 | |a 910 |b L250TH | ||
| 100 | |a Lê Thông | ||
| 245 | |a Tìm hiểu kiến thức địa lí 12 |c Lê Thông, Nguyễn Đức Vũ, Phí Công Việt | ||
| 260 | |a H. |b Giáo dục |c 2008 | ||
| 300 | |a 199 tr. |c 24 cm | ||
| 520 | |a v.v... | ||
| 653 | |a Địa lí | ||
| 653 | |a lớp 12 | ||
| 942 | |2 ddc |c STK0 | ||
| 999 | |c 9514 |d 9514 | ||
| 952 | |0 0 |1 0 |2 ddc |4 0 |6 910_000000000000000_L250TH |7 0 |8 900 |9 75597 |a qbu |b qbu |c D5 |d 2015-05-25 |g 25000 |o 910 L250TH |p 9688.c1 |r 0000-00-00 |w 2015-05-25 |y STK0 | ||
| 952 | |0 0 |1 0 |2 ddc |4 0 |6 910_000000000000000_L250TH |7 0 |8 900 |9 75598 |a qbu |b qbu |c D5 |d 2015-05-25 |g 25000 |l 1 |o 910 L250TH |p 9688.c2 |r 2017-03-29 |s 2017-03-29 |w 2015-05-25 |y STK0 | ||
| 952 | |0 0 |1 0 |2 ddc |4 0 |6 910_000000000000000_L250TH |7 0 |8 900 |9 75599 |a qbu |b qbu |c D5 |d 2015-05-25 |g 25000 |l 1 |o 910 L250TH |p 9688.c3 |r 2015-12-15 |s 2015-12-11 |w 2015-05-25 |y STK0 | ||